| 000 | 00928nac a22002171u 4500 | ||
|---|---|---|---|
| 010 | _a 98037209 | ||
| 020 | _a0684839032 (hardcover) | ||
| 082 | 0 | 0 |
_a609.04 _bR476 |
| 090 |
_c2816 _d2816 |
||
| 100 | _a20080729 | ||
| 245 | 0 | 0 |
_aVisions of technology : _ba century of vital debate about machines, systems, and the human world / _cedited by Richard Rhodes. |
| 260 |
_aNew York, NY : _bSimon & Schuster,1999. _c1999 |
||
| 300 |
_a399 p. : _bill. ; _c24 cm. |
||
| 440 | 4 | _aThe Sloan technology series | |
| 504 | _aIncludes bibliographical references (p. 381-387) and index. | ||
| 650 | 0 |
_aTechnology _xHistory _y20th century. |
|
| 650 | 0 |
_aTechnology _zUnited States _xHistory _y20th century. |
|
| 700 | 1 | _aRhodes, Richard. | |
| 942 |
_cBB _k609.04 R476 |
||
| 999 |
_c2816 _d2816 |
||